Electromagnetism : (Record no. 179350)

000 -LEADER
fixed length control field 01826 a2200217 4500
003 - CONTROL NUMBER IDENTIFIER
control field NUST
005 - DATE AND TIME OF LATEST TRANSACTION
control field 20221202143557.0
010 ## - LIBRARY OF CONGRESS CONTROL NUMBER
LC control number 73017668
020 ## - INTERNATIONAL STANDARD BOOK NUMBER
International Standard Book Number 8120319575
-- 0471322466 (pbk.)
040 ## - CATALOGING SOURCE
Transcribing agency Nust
082 00 - DEWEY DECIMAL CLASSIFICATION NUMBER
Classification number 537,PRA
100 1# - MAIN ENTRY--PERSONAL NAME
Personal name Pramanik, Ashutosh
9 (RLIN) 10268
245 10 - TITLE STATEMENT
Title Electromagnetism :
Remainder of title Theory and Applications /
Statement of responsibility, etc. I. Ashutosh Pramanik
260 ## - PUBLICATION, DISTRIBUTION, ETC.
Place of publication, distribution, etc. Delhi
Name of publisher, distributor, etc. Wiley
Date of publication, distribution, etc. 2003
300 ## - PHYSICAL DESCRIPTION
Extent xiv, 803 p.:
Other physical details illus.
Dimensions 24 cm.
490 0# - SERIES STATEMENT
Series statement The series
505 ## - FORMATTED CONTENTS NOTE
Formatted contents note Vector Analysis (Page-1), The Electrostatics Field in Free Space (Page-35), Conductors and Insulators in Electrostatic in Electronic Field (Page-59), Energy and Mechanical Forces in Electrostatic Fields (Page-90), Methods of Solving Electrostatic Field Problems (Page-104), Approximate Methods of Solving Electrostatics Field Problems (Page-153), Steady Electric Current and Electric Field (Page-189), Magnetic Field of Study Currents in Free Space (Page-204), Magnetic Field of Study Currents in Presence of Magnetic Materials (Page-238), Methods of Solving Magneto static Field Problem (Page-263), Time – Varying Fields and Electromagnetic Induction (Page-304), Forces and Energy in the Static and Quasi- Static Magnetic Fields (Page-399), Maxwell’s Equations (Page-375), Vector Potential (Page-394), Energy Transfer in Electromagnetic Fields and Poynting Vector (Page-421), Time-Varying Field in Conductor (Magnetic Diffusion) (Page-447), Charge Relaxation (Page-508), Electromagnetic Waves (Page-526), Waveguides (Page-590), Radiation and Reception of Electromagnetic Waves (Page-636), Electromagnetism and Special Relativity (Page-674), Numerical Methods for and Computer Solutions of Electromagnetic Field Problems (Page-716).
650 #0 - SUBJECT ADDED ENTRY--TOPICAL TERM
Topical term or geographic name entry element Electromagnetism.
700 1# - ADDED ENTRY--PERSONAL NAME
Personal name Phillips, W. R.
9 (RLIN) 39798
942 ## - ADDED ENTRY ELEMENTS (KOHA)
Source of classification or shelving scheme
Koha item type Book
Call number prefix 537,PRA
Holdings
Withdrawn status Lost status Source of classification or shelving scheme Damaged status Not for loan Permanent Location Current Location Shelving location Date acquired Full call number Barcode Date last seen Price effective from Koha item type Public note
          Military College of Signals (MCS) Military College of Signals (MCS) General Stacks 12/12/2016 537,PRA MCS30288 12/08/2016 12/12/2016 Book Almirah No.16, Shelf No.4
© 2023 Central Library, National University of Sciences and Technology. All Rights Reserved.